Normal view
MARC view
Entry Personal Name
001 - CONTROL NUMBER
- control field: 28219
003 - CONTROL NUMBER IDENTIFIER
- control field: ARRUPE
005 - DATE AND TIME OF LATEST TRANSACTION
- control field: 20170111122829.0
008 - FIXED-LENGTH DATA ELEMENTS
- fixed length control field: 170111|| aca||aabn | a|a d
040 ## - CATALOGING SOURCE
- Original cataloging agency: ARRUPE
- Transcribing agency: ARRUPE
100 ## - HEADING--PERSONAL NAME
- Personal name: Kast, Emil
670 ## - SOURCE DATA FOUND
- Source citation: Work cat.: (ARRUPE)0: Grillparzer, Franz, 1791-1872. 28217, Der arme Spielmann;, 1962